000 01043nam0a2200313 4500
001 RU\NLR\bibl\529
005 20260406030219.0
010 _a5-15-000144-9
_910000
021 _aRU
_b97-36986
_91578
035 _a(NLR Aleph) 000000465
090 _a545
_c545
100 _a19980409d1997 |||y0rusy50 ca
101 1 _arus
_ceng
102 _aRU
105 _a|||||||||||||
200 1 _aЛюбовь на первой полосе
_e[Роман]
_fТруди Пактер
_g[Пер. с англ.В.Ю.Смирнова]
210 _aМ.
_cАСТ
_d1997
215 _a479 с.
_d16
225 1 _aИнтрига
300 _aЗагл и авт. ориг.: Kiss and tell / Trudi Pacter
454 0 _12001#$aKiss and tell$fTrudi Pacter
_tKiss and tell
686 _aШ6(4Вл)67-440.4
700 1 _4070
_8rus
_7ca
_aПактер
_bТ.
_gТруди
_3RU\NLR\auth\77536
_9110585
801 0 _aRU
_bNLR
_c19980409
_gPSBO
801 1 _aRU
_bNLR
_c19980409
852 _aNLR
_j97-2/2437
942 _cBOOK
980 _aNB